00533 2200193 4500001002100000005001500021035002000036008004100056245005600097100003900153260004500192300001200237084001400249082000800263650001200271020001800283990001800301990002000319INLIS00000000000038220240813102210 a0010-0724000382240813 0 ind 1 aMengenal Museum /cVivi Vibariani, Miyarso Dwi Ajie aVibriani , Vivi; Dwi Ajie, Miyarso aBandung :bPT. Widya Duta Grafika,c2007 a70 hlm. a069 VIV m a069 4aSejarah a979-517-540-8 aP29/CP/24/382 aP29/CP/24/382.1